Positron annihilation analysis of nanosized metal coatings Zr/Nb after He+ ion irradiation; Energy Fluxes and Radiation Effects (EFRE); Radiation Physics and Chemistry of Condensed Matter

Bibliografiske detaljer
Parent link:Energy Fluxes and Radiation Effects (EFRE): proceedings of 8th International Congress, October 2-8, 2022, Tomsk, Russia.— , 2022
Radiation Physics and Chemistry of Condensed Matter.— 2022.— [P. 1203-1207]
Hovedforfatter: Laptev R. S. Roman Sergeevich
Institution som forfatter: Национальный исследовательский Томский политехнический университет Инженерная школа ядерных технологий Отделение экспериментальной физики
Andre forfattere: Lomygin A. D. Anton Dmitrievich, Krotkevich D. G. Dmitry Georgievich
Summary:Title screen
Sprog:engelsk
Udgivet: 2022
Serier:Radiation defects: structure, formation, properties
Fag:
Online adgang:http://dx.doi.org/10.56761/EFRE2022.R4-O-031202
Format: MixedMaterials Electronisk Book Chapter
KOHA link:https://koha.lib.tpu.ru/cgi-bin/koha/opac-detail.pl?biblionumber=668758

MARC

LEADER 00000naa0a2200000 4500
001 668758
005 20251028071621.0
035 |a (RuTPU)RU\TPU\network\39995 
035 |a RU\TPU\network\39568 
090 |a 668758 
100 |a 20230124d2022 k||y0rusy50 ba 
101 0 |a eng 
135 |a drcn ---uucaa 
181 0 |a i  
182 0 |a b 
200 1 |a Positron annihilation analysis of nanosized metal coatings Zr/Nb after He+ ion irradiation  |f R. S. Laptev, A. D. Lomygin, D. G. Krotkevich 
203 |a Текст  |c электронный 
225 1 |a Radiation defects: structure, formation, properties 
300 |a Title screen 
320 |a [References: 17 tit.] 
461 |t Energy Fluxes and Radiation Effects (EFRE)  |o proceedings of 8th International Congress, October 2-8, 2022, Tomsk, Russia  |d 2022 
463 |t Radiation Physics and Chemistry of Condensed Matter  |o 20th International Conference  |v [P. 1203-1207]  |d 2022 
610 1 |a электронный ресурс 
610 1 |a труды учёных ТПУ 
610 1 |a nanoscale multilayer system 
610 1 |a Zr/Nb 
610 1 |a He+ ions irradiation 
610 1 |a positron annihilation spectroscopy 
610 1 |a XRD 
700 1 |a Laptev  |b R. S.  |c physicist, specialist in the field of non-destructive testing  |c Associate Professor of Tomsk Polytechnic University, Doctor of Technical Sciences  |f 1987-  |g Roman Sergeevich  |y Tomsk  |3 (RuTPU)RU\TPU\pers\31884  |9 15956 
701 1 |a Lomygin  |b A. D.  |c physicist  |c Head of Laboratory, Tomsk Polytechnic University  |f 1997-  |g Anton Dmitrievich  |3 (RuTPU)RU\TPU\pers\45578  |9 21942 
701 1 |a Krotkevich  |b D. G.  |c physicist  |c engineer of Tomsk Polytechnic University  |f 1990-  |g Dmitry Georgievich  |3 (RuTPU)RU\TPU\pers\46798  |9 22434 
712 0 2 |a Национальный исследовательский Томский политехнический университет  |b Инженерная школа ядерных технологий  |b Отделение экспериментальной физики  |3 (RuTPU)RU\TPU\col\23549 
801 2 |a RU  |b 63413507  |c 20230124  |g RCR 
850 |a 63413507 
856 4 |u http://dx.doi.org/10.56761/EFRE2022.R4-O-031202  |z http://dx.doi.org/10.56761/EFRE2022.R4-O-031202 
942 |c CF